Juventud en Cifras: compilación y difusión de información cuantitativa sobre la juventud 2000 /
Contenido: Parte 1: Introducción.-Parte 2: Facetas de la juventud: educación, mercado laboral, salud, legislación y administración de la justicia, participación social y política, cultura y comunicación, condiciones de vida.-Referencias Bibliográficas
Sábháilte in:
| Údair chorparáideacha: | , |
|---|---|
| Formáid: | Téacs |
| Foilsithe / Cruthaithe: |
Asunción:
VMJ
|
| Clibeanna: |
Cuir clib leis
Níl clibeanna ann, Bí ar an gcéad duine le clib a chur leis an taifead seo!
|
MARC
| LEADER | 00000 a a2200000 04500 | ||
|---|---|---|---|
| 001 | 26771 | ||
| 003 | |||
| 040 | |||
| 090 | |a 149700 | ||
| 110 | |a Paraguay. Ministerio de Educación | ||
| 245 | |a Juventud en Cifras: compilación y difusión de información cuantitativa sobre la juventud 2000 / |c Paraguay. Ministerio de Educación | ||
| 260 | |a Asunción: |b VMJ | ||
| 300 | |a 132 p |b **no definido** |b fonodiscos |b escudos de armas | ||
| 520 | |a Contenido: Parte 1: Introducción.-Parte 2: Facetas de la juventud: educación, mercado laboral, salud, legislación y administración de la justicia, participación social y política, cultura y comunicación, condiciones de vida.-Referencias Bibliográficas | ||
| 710 | |a Vice Ministerio de La Juventud |a Dirección General de Estadísticas y Censos | ||
| 999 | |c 15195 |d 15195 | ||
